00436nam a2200133 a 450000100100000000500170001000800410002704000250006808200140009324500880010726000400019530000210023570000460025600003285920250307073710.0110801s1929 ag 000 0 spa d aDO-SdBNPbspacBNPHU axxxbC56900aCien de las mejores poesías castellanas /cselección Pedro Henríquez Ureña. aBuenos Aires :bA. Kapelusz,c1929. a289 p. ;c20 cm.1 aHenríquez Ureña, Pedro,d1884-1946